| 000 | 00439nam a22001697a 4500 | ||
|---|---|---|---|
| 003 | MACL | ||
| 005 | 20160114173102.0 | ||
| 008 | 160114b xxu||||| |||| 00| 0 eng d | ||
| 040 | _cMACL | ||
| 041 | _aEnglish | ||
| 082 | _a398 | ||
| 100 |
_aSen Soumen _911384 |
||
| 245 | _aFolklore Identity Development In The Context Of North-East India | ||
| 260 |
_aKolkata _bAnjali Publishers _c2010 |
||
| 650 |
_aFolklore _932432 |
||
| 942 |
_2ddc _cBK |
||
| 999 |
_c52339 _d52339 |
||